000
00210 a2200097 4500
001
54145
100
_a
Perto Roheela
245
_a
Safar Gasht
260
_a
Lahore
_b
Ferozsons Ltd
_c
1993
090
_c
33756
_d
33756
942
_a
NUST-CAE
_c
M
_c
26398
999
_c
289218
_d
289218